[Event "ch-FRA National B"]
[Site "Nimes FRA"]
[Date "2009.08.10"]
[Round "1"]
[White "Terrieux,K"]
[Black "Kosten,A"]
[Result "1/2-1/2"]
[WhiteElo "2442"]
[BlackElo "2497"]
[EventDate "2009.08.10"]

1. d4 Nf6 2. c4 e6 3. Nc3 Bb4 4. Qc2 O-O 5. a3 Bxc3+ 6. Qxc3 d5 7. cxd5 Ne4
8. Qc2 exd5 9. e3 Bf5 10. Bd3 Bg6 11. Ne2 Nd6 12. Nf4 Bxd3 13. Qxd3 c6 14.
O-O Re8 15. b3 Nd7 16. a4 Nf8 17. Ba3 Ne6 18. Nxe6 1/2-1/2

[Event "ch-FRA National B"]
[Site "Nimes FRA"]
[Date "2009.08.10"]
[Round "1"]
[White "Charnushevich,A"]
[Black "Prie,E"]
[Result "1/2-1/2"]
[WhiteElo "2503"]
[BlackElo "2491"]
[EventDate "2009.08.10"]

1. Nf3 d5 2. c4 c6 3. e3 Nf6 4. Nc3 a6 5. Ne5 e6 6. d4 Bd6 7. c5 Bxe5 8.
dxe5 Nfd7 9. Qd4 b6 10. cxb6 c5 11. Qg4 O-O 12. f4 f5 13. Qd1 Nxb6 14. Be2
d4 15. exd4 cxd4 16. Nb1 a5 17. Bf3 Nd5 18. Qxd4 Nc6 19. Qd2 Ba6 20. a3 Qb6
21. Bxd5 exd5 22. Nc3 d4 23. Nd1 Qb3 24. h4 a4 25. Rh3 Qc4 26. Kf2 Rfd8 27.
Qe1 Na5 28. Qxa5 Qf1+ 29. Kg3 Qxd1 30. Kh2 Bb7 1/2-1/2

[Event "ch-FRA National B"]
[Site "Nimes FRA"]
[Date "2009.08.10"]
[Round "1"]
[White "Vaisser,A"]
[Black "Bedouin,X"]
[Result "1-0"]
[WhiteElo "2514"]
[BlackElo "2378"]
[EventDate "2009.08.10"]

1. d4 d5 2. c4 e6 3. Nc3 Be7 4. cxd5 exd5 5. Bf4 c6 6. e3 Bf5 7. Nge2 Nd7
8. Ng3 Bg6 9. Be2 Ngf6 10. h4 h5 11. Bf3 Qb6 12. Qd2 O-O 13. O-O Ne8 14.
Bxh5 Bxh5 15. Nxh5 Bxh4 16. Qe2 Nef6 17. g3 Nxh5 18. Qxh5 Be7 19. Kg2 Nf6
20. Qh3 Rfd8 21. Rh1 Kf8 22. Qh8+ Ng8 23. Be5 Bf6 24. Bxf6 gxf6 25. Na4 Qb5
26. Nc5 Ke7 27. a4 Qb4 28. Qg7 Rf8 29. Qg4 Rad8 30. Rh7 Rd6 31. Nd3 Qb6 32.
Rg7 Nh6 33. Qf4 Rh8 34. Rh1 f5 35. Nc5 Qc7 36. Qe5+ Kf8 37. Ne6+ Rxe6 38.
Qxc7 Kxg7 39. Qxb7 a5 40. Qa7 Rc8 41. Qxa5 1-0

[Event "ch-FRA National B"]
[Site "Nimes FRA"]
[Date "2009.08.10"]
[Round "1"]
[White "Govciyan,P"]
[Black "Bujisho,B"]
[Result "1/2-1/2"]
[WhiteElo "2438"]
[BlackElo "2404"]
[EventDate "2009.08.10"]

1. d4 d5 2. c4 dxc4 3. e3 Nf6 4. Bxc4 e6 5. Nf3 c5 6. O-O a6 7. Bb3 Nc6 8.
Nc3 Bd6 9. Qe2 O-O 10. Rd1 Qc7 11. Bd2 b6 12. Rac1 Bb7 13. dxc5 bxc5 14.
Na4 Ne4 15. Be1 h6 16. Bc2 f5 17. h3 Rf6 18. b4 Qe7 19. bxc5 Nxc5 20. Nxc5
Bxc5 21. Bb3 Kh7 22. e4 Rd8 23. Rxd8 Nxd8 24. exf5 exf5 25. Qxe7 Bxe7 26.
Rc7 Bf8 27. Nd4 Be4 28. Bc3 Rd6 29. f3 Bb1 30. Kf2 Rb6 31. g4 fxg4 32. hxg4
Rb7 33. Rc8 Be7 34. Bc4 Bf6 35. Bxa6 Rd7 36. Ke3 Bxa2 37. Bd3+ g6 38. Ne6
Re7 39. Bxf6 Rxe6+ 40. Kf2 Rxf6 41. Rxd8 Kg7 1/2-1/2

[Event "ch-FRA National B"]
[Site "Nimes FRA"]
[Date "2009.08.10"]
[Round "1"]
[White "Housieaux,D"]
[Black "Apicella,M"]
[Result "1-0"]
[WhiteElo "2419"]
[BlackElo "2525"]
[EventDate "2009.08.10"]

1. d4 Nf6 2. c4 g6 3. Nc3 Bg7 4. e4 d6 5. Nf3 O-O 6. Be2 e5 7. O-O Nbd7 8.
Be3 Re8 9. d5 Nh5 10. g3 Bf8 11. Ne1 Ng7 12. Nd3 Be7 13. Qd2 f5 14. f3 a5
15. b3 b6 16. Rab1 Nc5 17. a3 Rf8 18. b4 Nxd3 19. Bxd3 axb4 20. axb4 f4 21.
gxf4 exf4 22. Bd4 Bf6 23. Nb5 Bxd4+ 24. Nxd4 Bd7 25. Rf2 Qf6 26. Bf1 g5 27.
Re1 Ra4 28. Nb3 h5 29. c5 g4 30. c6 Bc8 31. Bb5 Ra8 32. fxg4 hxg4 33. Nd4
Ra3 34. Bc4 g3 35. Rf3 gxh2+ 36. Kh1 Rxf3 37. Nxf3 Nh5 38. e5 Ng3+ 39. Kxh2
Qg6 40. e6 Rf5 41. Kg1 Rh5 42. Bd3 Qh6 43. e7 Rh1+ 44. Kf2 Rh2+ 45. Nxh2
Qxh2+ 46. Kf3 Qh5+ 47. Kxf4 Qh4+ 48. Ke3 Qxe7+ 49. Kd4 Nf5+ 50. Bxf5 Qf6+
51. Kc4 Bxf5 52. Rg1+ Kf7 53. Qg5 Qxg5 54. Rxg5 Be4 55. Kd4 Bc2 56. Rg2 Ba4
57. Ra2 b5 58. Rh2 Kg7 59. Rf2 Bb3 60. Rf3 Ba4 61. Rf1 Bb3 62. Ra1 Ba4 63.
Rxa4 1-0

[Event "ch-FRA National B"]
[Site "Nimes FRA"]
[Date "2009.08.11"]
[Round "2"]
[White "Kosten,A"]
[Black "Bedouin,X"]
[Result "1/2-1/2"]
[WhiteElo "2497"]
[BlackElo "2378"]
[EventDate "2009.08.10"]

1. c4 e6 2. g3 d5 3. Bg2 Nf6 4. Nf3 Be7 5. O-O O-O 6. Qc2 c5 7. d4 Nc6 8.
cxd5 Nxd4 9. Nxd4 cxd4 10. dxe6 Bxe6 11. Bxb7 Rb8 12. Bg2 Rc8 13. Qd1 Qb6
14. Nd2 Rfd8 15. Nf3 Bf5 16. Ne1 Nd5 17. a3 Qb5 18. Nd3 Be6 19. Bd2 Nb6 20.
Bb4 Bf6 21. a4 Qc4 22. Bc5 Qa6 23. a5 Nd7 24. Ba3 Qb5 25. Qd2 Bf5 26. Rac1
Ne5 27. Nxe5 Bxe5 28. Rfe1 h6 29. Qb4 Rxc1 30. Rxc1 Qxb4 31. Bxb4 d3 32.
exd3 Bxb2 33. Rd1 Rxd3 34. Rxd3 Bxd3 35. Bd5 g5 36. Kg2 Kg7 37. Kf3 Bd4 38.
Bd2 f5 39. Be3 Bc3 40. Bxa7 1/2-1/2

[Event "ch-FRA National B"]
[Site "Nimes FRA"]
[Date "2009.08.11"]
[Round "2"]
[White "Bujisho,B"]
[Black "Vaisser,A"]
[Result "1/2-1/2"]
[WhiteElo "2404"]
[BlackElo "2514"]
[EventDate "2009.08.10"]

1. d4 Nf6 2. Nf3 c5 3. e3 e6 4. Bd3 Nc6 5. O-O d5 6. b3 Be7 7. Bb2 O-O 8.
Nbd2 cxd4 9. exd4 Nb4 10. Be2 Qc7 11. a3 Nc6 12. Bd3 Rd8 13. Re1 Bf8 14.
Qe2 g6 15. Ne5 Nxe5 16. dxe5 Nd7 17. c4 1/2-1/2

[Event "ch-FRA National B"]
[Site "Nimes FRA"]
[Date "2009.08.11"]
[Round "2"]
[White "Apicella,M"]
[Black "Govciyan,P"]
[Result "1-0"]
[WhiteElo "2525"]
[BlackElo "2438"]
[EventDate "2009.08.10"]

1. e4 e5 2. Nf3 Nc6 3. Bb5 a6 4. Ba4 Nf6 5. O-O b5 6. Bb3 Bc5 7. c3 Bb6 8.
d4 d6 9. a4 Bg4 10. d5 Ne7 11. h3 Bd7 12. Re1 Rb8 13. c4 bxc4 14. Bxc4 a5
15. Nc3 O-O 16. Nb5 Ng6 17. Bf1 h6 18. Be3 Bxb5 19. Bxb5 Nd7 20. Nd2 Nc5
21. Qg4 Qf6 22. Ra3 Kh8 23. Nb3 Nxb3 24. Rxb3 Bd4 25. Rc1 Rb7 26. Rc4 Nf4
27. Rxd4 h5 28. Qf3 Nxh3+ 29. Qxh3 1-0

[Event "ch-FRA National B"]
[Site "Nimes FRA"]
[Date "2009.08.11"]
[Round "2"]
[White "Terrieux,K"]
[Black "Charnushevich,A"]
[Result "1-0"]
[WhiteElo "2442"]
[BlackElo "2503"]
[EventDate "2009.08.10"]

1. e4 c5 2. Nf3 e6 3. d4 cxd4 4. Nxd4 a6 5. Nc3 Qc7 6. Bd3 Nf6 7. O-O Nc6
8. Be3 b5 9. Nxc6 dxc6 10. f4 e5 11. f5 Bb7 12. a4 Be7 13. Qe2 Rc8 14. b3
h5 15. h3 h4 16. Qf2 Kf8 17. Rfd1 Nd7 18. Nb1 Kg8 19. c4 Nf6 20. Nd2 bxa4
21. c5 axb3 22. Nxb3 Rd8 23. Qf3 Bc8 24. Bc4 Rxd1+ 25. Rxd1 Nh5 26. Qg4 Nf6
27. Qg6 Bf8 28. Rd8 Nd5 29. exd5 Qxd8 30. d6 Qd7 31. Na5 Qxf5 32. Qxf5 Bxf5
33. Nxc6 g5 34. Nxe5 Be6 35. Bxe6 fxe6 36. d7 Be7 37. Ng6 Bd8 38. Nxh8 Kxh8
39. c6 Kg8 40. Bxg5 1-0

[Event "ch-FRA National B"]
[Site "Nimes FRA"]
[Date "2009.08.11"]
[Round "2"]
[White "Prie,E"]
[Black "Abergel,T"]
[Result "1/2-1/2"]
[WhiteElo "2491"]
[BlackElo "2517"]
[EventDate "2009.08.10"]

1. d4 Nf6 2. Bf4 b6 3. e3 Bb7 4. Nf3 g6 5. c4 Bg7 6. Nc3 O-O 7. Be2 d6 8.
O-O Nbd7 9. Qc2 a6 10. a4 a5 11. h3 Qe8 12. Rfd1 e5 13. dxe5 dxe5 14. Bh2
h6 15. Rd2 Nh7 16. Nd5 Rc8 17. Rad1 Nc5 18. b3 Bc6 19. Qb2 Ng5 20. Nxe5
Nge4 21. Rc2 Nxb3 22. Ne7+ Qxe7 23. Nxc6 Qe8 24. Qxb3 Qxc6 25. Bf3 Qe6 26.
Bxe4 Qxe4 27. c5 Qb4 28. Qa2 Rfd8 29. Rb1 bxc5 30. Bg3 Qe4 31. Rxc5 c6 32.
Rb7 Rd1+ 33. Kh2 Rd5 34. Qxd5 Qxd5 35. Rxd5 cxd5 36. Rb5 Bc3 37. Rxd5 Rc4
38. Rd8+ Kg7 39. Rd3 Bf6 40. Ra3 Be7 41. Ra2 Kf6 42. f3 Ke6 43. Bf2 Ke5
1/2-1/2

[Event "ch-FRA National B"]
[Site "Nimes FRA"]
[Date "2009.08.11"]
[Round "2"]
[White "Bricard,E"]
[Black "Housieaux,D"]
[Result "1/2-1/2"]
[WhiteElo "2469"]
[BlackElo "2419"]
[EventDate "2009.08.10"]

1. g3 d6 2. Bg2 Nc6 3. c4 g6 4. Nc3 Bg7 5. d3 Bd7 6. e4 Qc8 7. h3 e5 8.
Nge2 Nge7 9. Be3 O-O 10. Qd2 f5 11. Bh6 Rf7 12. Bxg7 Kxg7 13. f4 Be6 14.
Nd5 Nd4 15. fxe5 dxe5 16. Nxd4 exd4 17. O-O c6 18. Nxe7 Rxe7 19. Qg5 Re8
20. g4 fxg4 21. hxg4 Qd8 22. Qf4 Qh4 23. Qc7+ Qe7 24. Qe5+ Kg8 25. g5 Bg4
26. Qg3 Qxg5 27. Bh3 h5 28. Bxg4 Qxg4 29. Qxg4 hxg4 30. Rf6 Kg7 31. Raf1
Rh8 32. Rf7+ Kh6 33. e5 Rae8 34. Re1 Rh7 35. Rf4 Rhe7 36. Rfe4 Kg5 37. Kg2
Rh8 38. e6 Rhe8 39. Kg3 Kf6 40. Rf1+ Kg7 41. Rfe1 1/2-1/2

[Event "ch-FRA National B"]
[Site "Nimes FRA"]
[Date "2009.08.12"]
[Round "3"]
[White "Vaisser,A"]
[Black "Apicella,M"]
[Result "1/2-1/2"]
[WhiteElo "2514"]
[BlackElo "2525"]
[EventDate "2009.08.10"]

1. d4 e6 2. Nc3 d5 3. e4 Bb4 4. e5 Ne7 5. a3 Bxc3+ 6. bxc3 c5 7. Qg4 O-O 8.
Bd3 Nbc6 9. Qh5 Ng6 10. Nf3 Qc7 11. Ng5 h6 12. Nxf7 Qxf7 13. Qxg6 Qxg6 14.
Bxg6 cxd4 15. cxd4 Nxd4 16. Be3 Nf5 17. Bc5 Rd8 18. Bxf5 exf5 19. Bd4 Be6
20. Kd2 Rdc8 21. Rhb1 Rc7 22. Rb2 Kf7 1/2-1/2

[Event "ch-FRA National B"]
[Site "Nimes FRA"]
[Date "2009.08.12"]
[Round "3"]
[White "Housieaux,D"]
[Black "Prie,E"]
[Result "1/2-1/2"]
[WhiteElo "2419"]
[BlackElo "2491"]
[EventDate "2009.08.10"]

1. d4 d5 2. c4 c6 3. Nf3 dxc4 4. e3 Be6 5. Qc2 b5 6. Ng5 Bd7 7. Nxh7 Nf6 8.
Nxf8 Kxf8 9. b3 cxb3 10. axb3 Be6 11. Nd2 a5 12. Nf3 Qd5 13. Bd2 Qxb3 14.
Qxb3 Bxb3 15. Rxa5 Rxa5 16. Bxa5 Nbd7 17. Bd3 Rh5 1/2-1/2

[Event "ch-FRA National B"]
[Site "Nimes FRA"]
[Date "2009.08.12"]
[Round "3"]
[White "Abergel,T"]
[Black "Terrieux,K"]
[Result "1/2-1/2"]
[WhiteElo "2517"]
[BlackElo "2442"]
[EventDate "2009.08.10"]

1. e4 c5 2. Nf3 Nc6 3. Bb5 Nf6 4. e5 Ng4 5. Bxc6 dxc6 6. h3 Nh6 7. g4 g6 8.
d3 f5 9. g5 Nf7 10. Bf4 Bg7 11. Qe2 Be6 12. c4 h6 13. gxh6 Bxh6 14. Bxh6
Rxh6 15. Nc3 Qa5 16. O-O-O O-O-O 17. Qe3 Rdh8 18. h4 Nd8 19. Rhg1 Bf7 20.
Ng5 Be8 21. e6 Rxh4 22. f4 Qc7 23. Rgf1 b6 24. Ne2 Nb7 25. Kb1 Kb8 26. Qf3
Nd6 27. Rh1 b5 28. Rxh4 Rxh4 29. Qf2 Rh5 30. Qxc5 Rh2 31. Nc3 Qb6 32. b4
bxc4 33. Qxb6+ axb6 34. dxc4 Kc8 35. c5 bxc5 36. bxc5 Nc4 37. Rd3 Kc7 38.
Kc1 Rh4 39. Rd4 Ne3 40. Kd2 Nd5 41. Nf3 Rh3 42. Nxd5+ cxd5 43. Rd3 Bb5 44.
Ra3 Bc4 45. Rc3 Bxa2 46. Nd4 Rh2+ 47. Kc1 Rh1+ 48. Kb2 Bc4 49. Ra3 Kb7 50.
Ra4 Rh2+ 51. Kc1 Rh1+ 52. Kd2 Rh2+ 53. Ke3 Rh3+ 54. Kf2 Rd3 55. c6+ Kb8 56.
Nf3 Rb3 57. Ne5 Bb5 58. Ra5 d4 59. Nxg6 Rb2+ 60. Ke1 d3 61. Nxe7 d2+ 62.
Kd1 Bc4 63. c7+ 1/2-1/2

[Event "ch-FRA National B"]
[Site "Nimes FRA"]
[Date "2009.08.12"]
[Round "3"]
[White "Charnushevich,A"]
[Black "Kosten,A"]
[Result "1/2-1/2"]
[WhiteElo "2503"]
[BlackElo "2497"]
[EventDate "2009.08.10"]

1. d4 Nf6 2. Nf3 e6 3. e3 b6 4. Bd3 Bb7 5. c4 Bb4+ 6. Nc3 O-O 7. O-O d5 8.
a3 Bd6 9. b4 dxc4 10. Bxc4 Nbd7 11. Re1 a5 12. b5 e5 13. dxe5 Nxe5 14. Be2
Nfd7 15. Nd4 Re8 16. e4 Nc5 17. Nf5 Nxe4 18. Nxe4 Bxe4 19. Nxd6 cxd6
1/2-1/2

[Event "ch-FRA National B"]
[Site "Nimes FRA"]
[Date "2009.08.12"]
[Round "3"]
[White "Bedouin,X"]
[Black "Bujisho,B"]
[Result "1-0"]
[WhiteElo "2378"]
[BlackElo "2404"]
[EventDate "2009.08.10"]

1. e4 c5 2. c3 d6 3. d4 Nf6 4. Bd3 Nc6 5. Nf3 Bg4 6. d5 Bxf3 7. Qxf3 Ne5 8.
Bb5+ Ned7 9. O-O a6 10. Ba4 g6 11. Bc2 Bg7 12. a4 b6 13. Nd2 O-O 14. Qh3 b5
15. f4 c4 16. Kh1 Nc5 17. axb5 axb5 18. Rxa8 Qxa8 19. Qf3 e6 20. dxe6 fxe6
21. Qe2 d5 22. exd5 exd5 23. f5 Nfe4 24. fxg6 hxg6 25. Nf3 Re8 26. Qd1 Qc6
27. Bf4 Qd7 28. Kg1 Re6 29. h3 b4 30. cxb4 Na6 31. Re1 Qf7 32. Qxd5 Nxb4
33. Qxc4 Nxc2 34. Rxe4 Rxe4 35. Qxe4 1-0

[Event "ch-FRA National B"]
[Site "Nimes FRA"]
[Date "2009.08.12"]
[Round "3"]
[White "Govciyan,P"]
[Black "Bricard,E"]
[Result "0-1"]
[WhiteElo "2438"]
[BlackElo "2469"]
[EventDate "2009.08.10"]

1. d4 Nf6 2. c4 g6 3. Nc3 Bg7 4. e4 d6 5. Be2 O-O 6. Nf3 c5 7. O-O cxd4 8.
Nxd4 Nc6 9. Be3 Bd7 10. Qd2 Nxd4 11. Bxd4 Bc6 12. Bd3 a5 13. Rae1 a4 14.
Bb1 Qa5 15. f4 e5 16. Bf2 exf4 17. Qxd6 Ng4 18. Qxf4 Nxf2 19. Qxf2 Bxc3 20.
bxc3 Qxc3 21. Rc1 Qe5 22. Rcd1 Ra5 23. Kh1 Qe7 24. Rd3 Re5 25. Rh3 Rd8 26.
Qf4 h5 27. Rhf3 Rd7 28. Re3 Kg7 29. h3 Rd6 30. Ref3 Be8 31. Qe3 Rc6 32. Qd4
Qc5 33. Qb2 Rc7 34. Rg3 Kg8 35. Rf5 Rxf5 36. exf5 Re7 37. Qd2 Qe5 38. Qd3
Qf4 39. fxg6 Re1+ 40. Kh2 h4 41. gxf7+ Kxf7 42. Qd5+ Kf8 43. Qc5+ Re7 0-1

[Event "ch-FRA National B"]
[Site "Nimes FRA"]
[Date "2009.08.13"]
[Round "4"]
[White "Apicella,M"]
[Black "Bedouin,X"]
[Result "1/2-1/2"]
[WhiteElo "2525"]
[BlackElo "2378"]
[EventDate "2009.08.10"]

1. e4 c5 2. Nf3 Nc6 3. Nc3 g6 4. d4 cxd4 5. Nxd4 Bg7 6. Nb3 Nf6 7. Be2 O-O
8. O-O a5 9. a4 Nb4 10. Bg5 d5 11. exd5 Nfxd5 12. Nxd5 Qxd5 13. Qxd5 Nxd5
14. Bf3 e6 15. c3 h6 16. Bd2 Nb6 17. Rfd1 Bd7 18. Bxb7 Ra7 19. Nc5 Bxa4 20.
Nxa4 Nxa4 21. Rxa4 Rxb7 22. Bc1 Rb5 23. Kf1 Rc8 24. Ke2 h5 25. Rd7 Bf6 26.
Kd3 Bg5 27. f4 Bd8 28. Kc2 Rf5 29. Rb7 g5 30. g3 g4 31. Rd4 h4 32. Rdd7
hxg3 33. hxg3 Kg7 34. Be3 Kg6 35. Bd4 Bf6 36. Bxf6 Rxf6 37. Rb5 Rf5 38.
Rxf5 Kxf5 39. Kd3 f6 40. Ra7 Rc5 41. c4 e5 42. fxe5 Kxe5 43. b3 f5 44. Ra8
f4 45. Re8+ Kd6 46. gxf4 Rh5 47. Rg8 Rh3+ 48. Kc2 Rh2+ 49. Kc3 Rh3+ 50. Kb2
a4 51. bxa4 Kc5 52. Rxg4 Rh2+ 53. Kc3 Rh3+ 54. Kd2 Kxc4 55. a5 Ra3 56. f5+
Kd5 57. f6 Rf3 58. Rg6 Ke6 59. Kc2 Ra3 60. Rg5 Kxf6 61. Kb2 Rh3 62. Rb5 Ke6
63. a6 Rh8 64. Kb3 Kd6 65. Ka4 Kc6 66. Rb1 Rh4+ 67. Ka5 Rh5+ 68. Ka4
1/2-1/2

[Event "ch-FRA National B"]
[Site "Nimes FRA"]
[Date "2009.08.13"]
[Round "4"]
[White "Prie,E"]
[Black "Govciyan,P"]
[Result "1-0"]
[WhiteElo "2491"]
[BlackElo "2438"]
[EventDate "2009.08.10"]

1. d4 d6 2. e4 Nf6 3. Nc3 g6 4. Nf3 Bg7 5. Be3 c6 6. Qd2 Qa5 7. h3 Nbd7 8.
Bd3 O-O 9. O-O e5 10. Rfe1 Re8 11. a3 Nf8 12. Rad1 exd4 13. Nxd4 Qc7 14.
Bh6 Bh8 15. Bf1 Bd7 16. Nf3 d5 17. e5 Nh5 18. g4 Ng7 19. Bf4 Nge6 20. Bg3
Qb6 21. Na4 Qd8 22. b4 a5 23. b5 cxb5 24. Nc3 Nc7 25. Rb1 b4 26. axb4 axb4
27. Rxb4 Bc6 28. Nd4 Nd7 29. f4 Nc5 30. Qf2 Ra3 31. Nxc6 bxc6 32. Qxc5 Na6
33. Bxa6 Bg7 34. Rb8 1-0

[Event "ch-FRA National B"]
[Site "Nimes FRA"]
[Date "2009.08.13"]
[Round "4"]
[White "Kosten,A"]
[Black "Bujisho,B"]
[Result "1-0"]
[WhiteElo "2497"]
[BlackElo "2404"]
[EventDate "2009.08.10"]

1. c4 Nf6 2. Nc3 g6 3. g3 Bg7 4. Bg2 O-O 5. e4 d6 6. Nge2 c5 7. O-O Nc6 8.
d3 Ne8 9. Be3 Nd4 10. Rb1 Bd7 11. b4 b6 12. a4 Nc7 13. h3 Nxe2+ 14. Nxe2 a5
15. b5 Qc8 16. Kh2 Rb8 17. f4 e5 18. Qd2 f5 19. exf5 Rxf5 20. Nc3 Be6 21.
Ne4 Qd7 22. fxe5 Bxe5 23. d4 cxd4 24. Bxd4 Bxd4 25. Qxd4 Ne8 26. Rxf5 Bxf5
27. Rd1 h6 28. g4 Bxe4 29. Qxe4 Qg7 30. Rf1 Nc7 31. Qf4 Rd8 32. Rd1 Qf8 33.
Qd4 Kh7 34. Rf1 Qe7 35. Qxb6 Ne6 36. Qe3 Re8 37. Bc6 Nc5 38. Qf4 Rb8 39.
Qf7+ Qxf7 40. Rxf7+ Kh8 41. Rf6 Nxa4 42. Rxd6 Nb2 43. Bd5 a4 44. Rxg6 1-0

[Event "ch-FRA National B"]
[Site "Nimes FRA"]
[Date "2009.08.13"]
[Round "4"]
[White "Terrieux,K"]
[Black "Housieaux,D"]
[Result "1-0"]
[WhiteElo "2442"]
[BlackElo "2419"]
[EventDate "2009.08.10"]

1. d4 e6 2. c4 d5 3. Nc3 c6 4. Nf3 dxc4 5. e3 b5 6. a4 Bb4 7. Bd2 a5 8.
axb5 Bxc3 9. Bxc3 cxb5 10. b3 Bb7 11. d5 Nf6 12. bxc4 b4 13. Bxf6 gxf6 14.
Nd4 exd5 15. c5 Kf8 16. Bb5 Na6 17. Qh5 h6 18. c6 Bc8 19. O-O Nc7 20. Rfd1
Qe7 21. Qh4 h5 22. h3 Kg7 23. Bd3 Qe5 24. Nf3 Qd6 25. e4 Be6 26. e5 fxe5
27. Qg3+ Kf8 28. Nxe5 Ne8 29. f4 h4 30. Qf2 Rh5 31. Qd4 f6 32. Ng4 Bf5 33.
Be2 Rh7 34. Bf3 Bxg4 35. hxg4 Nc7 36. Rdc1 Nb5 37. Qd3 Rc7 38. Qxb5 Qxf4
39. Qxd5 a4 40. Qc5+ Kg7 41. Rc4 1-0

[Event "ch-FRA National B"]
[Site "Nimes FRA"]
[Date "2009.08.14"]
[Round "5"]
[White "Vaisser,A"]
[Black "Prie,E"]
[Result "1-0"]
[WhiteElo "2514"]
[BlackElo "2491"]
[EventDate "2009.08.10"]

1. d4 d5 2. c4 dxc4 3. e3 Be6 4. Nd2 Nf6 5. Nxc4 c5 6. Nf3 Nc6 7. Nce5 Nxe5
8. Nxe5 cxd4 9. Qa4+ Bd7 10. Qxd4 e6 11. Bd2 a6 12. Nxd7 Qxd7 13. Qxd7+
Kxd7 14. Bd3 Bd6 15. Ke2 Ke7 16. Rhd1 h5 17. h4 Rhc8 18. Rac1 g6 19. g3
Rab8 20. Ba5 Ra8 21. e4 Nd7 22. f4 e5 23. Bc4 exf4 24. gxf4 Bxf4 25. Bb4+
Nc5 26. Rc2 f6 27. Bd5 Bd6 28. Rdc1 b6 29. Bxa8 Rxa8 30. Bxc5 Bxc5 31. b4
Bd6 32. Rg1 a5 33. b5 a4 34. Rc6 a3 35. Rxb6 Ra4 36. Kf3 Rc4 37. Rc6 Rb4
38. Rd1 Be5 39. Rd3 g5 40. Rxa3 g4+ 41. Ke3 Rxb5 42. Ra7+ Kd8 43. Rca6 Bc7
44. Kd3 f5 45. Rg6 fxe4+ 46. Kxe4 Rc5 47. Rg5 Rc2 48. Rxh5 g3 49. Rh8+ Kd7
50. Rh7+ Kc8 51. Raxc7+ 1-0

[Event "ch-FRA National B"]
[Site "Nimes FRA"]
[Date "2009.08.14"]
[Round "5"]
[White "Abergel,T"]
[Black "Kosten,A"]
[Result "1-0"]
[WhiteElo "2517"]
[BlackElo "2497"]
[EventDate "2009.08.10"]

1. e4 e5 2. Nf3 Nc6 3. Bb5 g6 4. O-O Bg7 5. c3 a6 6. Bxc6 dxc6 7. d4 exd4
8. cxd4 Ne7 9. Nc3 O-O 10. Be3 h6 11. Qb3 b6 12. d5 cxd5 13. exd5 Nf5 14.
Bf4 g5 15. Be5 Nh4 16. Nxh4 Bxe5 17. Nf3 Bg7 18. Rfe1 Bb7 19. Rad1 Re8 20.
Rxe8+ Qxe8 21. h4 g4 22. Nh2 h5 23. Nf1 Rd8 24. Ng3 Qe5 25. Nge4 Qf5 26.
Qc4 Be5 27. Re1 Kg7 28. Ng3 Bxg3 29. fxg3 c5 30. dxc6 b5 31. Nxb5 Bxc6 32.
Qxc6 axb5 33. Qc3+ f6 34. Re7+ Kg6 35. Kh2 Rd1 36. Qc6 Rd8 37. Qc7 Rd2 38.
Qc6 Rd8 39. Rb7 Qb1 40. Qc7 1-0

[Event "ch-FRA National B"]
[Site "Nimes FRA"]
[Date "2009.08.14"]
[Round "5"]
[White "Housieaux,D"]
[Black "Charnushevich,A"]
[Result "1/2-1/2"]
[WhiteElo "2419"]
[BlackElo "2503"]
[EventDate "2009.08.10"]

1. d4 Nf6 2. c4 e6 3. g3 Bb4+ 4. Bd2 Qe7 5. Bg2 Nc6 6. e3 Bxd2+ 7. Qxd2 d6
8. Nc3 O-O 9. Nge2 e5 10. Nd5 Qd8 11. O-O Re8 12. Rac1 exd4 13. Nxd4 Ne4
14. Qd1 Nxd4 15. Qxd4 Ng5 16. Kh1 Ne6 17. Qc3 a5 18. e4 Nc5 19. Qc2 Bd7
1/2-1/2

[Event "ch-FRA National B"]
[Site "Nimes FRA"]
[Date "2009.08.14"]
[Round "5"]
[White "Bujisho,B"]
[Black "Apicella,M"]
[Result "1/2-1/2"]
[WhiteElo "2404"]
[BlackElo "2525"]
[EventDate "2009.08.10"]

1. d4 Nf6 2. c4 g6 3. Nc3 Bg7 4. e4 d6 5. Nge2 O-O 6. Ng3 c5 7. d5 e6 8.
Be2 exd5 9. exd5 a6 10. a4 Re8 11. Bf4 Ng4 12. Qd2 f5 13. O-O Ne5 14. Kh1
Nbd7 15. Be3 Nf6 16. h3 b6 17. f4 Nf7 18. Rab1 a5 19. Rfe1 Ra7 20. Nf1 Rae7
21. Bf3 h6 22. Bf2 Bd7 23. Be4 1/2-1/2

[Event "ch-FRA National B"]
[Site "Nimes FRA"]
[Date "2009.08.15"]
[Round "6"]
[White "Bricard,E"]
[Black "Bujisho,B"]
[Result "1/2-1/2"]
[WhiteElo "2469"]
[BlackElo "2404"]
[EventDate "2009.08.10"]

1. g3 d5 2. Bg2 c6 3. Nf3 Bg4 4. d3 Nd7 5. h3 Bh5 6. O-O e6 7. Qe1 Bd6 8.
e4 Bxf3 9. Bxf3 Ngf6 10. Bg2 O-O 11. f4 Ne8 12. Nd2 Nc7 13. Nf3 f5 14. e5
Be7 15. g4 g6 16. Kh1 h6 17. Bd2 Kh7 18. Qe2 Qe8 19. b4 Qf7 20. a4 Rg8 21.
Rab1 a6 22. Nd4 Rab8 23. Bf3 Kh8 24. Rg1 Rbf8 25. Rg2 Rg7 26. c3 Rfg8 27.
Rbg1 Bd8 28. Nb3 Ne8 29. gxf5 gxf5 30. Rxg7 Rxg7 31. Rxg7 Nxg7 32. c4 Bh4
33. c5 Nf8 34. d4 Ng6 35. Kh2 Bd8 36. b5 axb5 37. axb5 Nh4 38. b6 Nxf3+ 39.
Qxf3 Bh4 40. Na5 Kh7 41. Kg1 Kg6 42. Kf1 Nh5 43. Be1 Bxe1 44. Kxe1 Qe7 45.
Qg2+ Kh7 46. Qf2 Qg7 47. Kd1 Qd7 48. Kc2 Qc8 49. Kb3 Qa8 50. Nxb7 Qa6 51.
Nd6 Qd3+ 52. Kb2 Ng3 53. b7 Ne4 54. Qc2 Qxd4+ 55. Ka2 Qb4 56. Nxe4 fxe4 57.
Qb3 Qa5+ 58. Kb1 Qe1+ 59. Kc2 Qe2+ 60. Kc3 Qd3+ 61. Kb4 Qb5+ 62. Ka3 Qa5+
63. Kb2 1/2-1/2

[Event "ch-FRA National B"]
[Site "Nimes FRA"]
[Date "2009.08.15"]
[Round "6"]
[White "Terrieux,K"]
[Black "Vaisser,A"]
[Result "1/2-1/2"]
[WhiteElo "2442"]
[BlackElo "2514"]
[EventDate "2009.08.10"]

1. d4 e6 2. c4 f5 3. g3 Nf6 4. Bg2 c6 5. Nf3 d5 6. O-O Bd6 7. b3 Qe7 8. a4
a5 9. Ba3 b6 10. Ne5 Bb7 11. cxd5 exd5 12. Bxd6 Qxd6 13. Nd2 O-O 14. Rc1
Na6 15. h3 Nb4 16. g4 f4 17. g5 Nd7 18. Ndf3 Rae8 19. Qd2 Ba6 20. Rfe1 Nxe5
21. Nxe5 c5 22. e3 fxe3 23. Rxe3 Rc8 24. Rec3 1/2-1/2

[Event "ch-FRA National B"]
[Site "Nimes FRA"]
[Date "2009.08.15"]
[Round "6"]
[White "Charnushevich,A"]
[Black "Govciyan,P"]
[Result "1/2-1/2"]
[WhiteElo "2503"]
[BlackElo "2438"]
[EventDate "2009.08.10"]

1. d4 Nf6 2. c4 c5 3. e3 e6 4. Nf3 b6 5. Nc3 cxd4 6. exd4 Bb7 7. Be2 Be7 8.
O-O d5 9. Bg5 dxc4 10. Bxc4 O-O 11. Qe2 Nc6 12. Rad1 Nb4 13. Ne5 Nbd5 14.
Rd3 Nxc3 15. bxc3 Ne4 16. Bxe7 Qxe7 17. Re3 Nf6 18. f4 g6 19. f5 gxf5 20.
Nxf7 Ne4 21. Ne5 Kh8 22. Qh5 Rf6 23. Bd3 Rg8 24. Bxe4 Bxe4 25. Rg3 Rg7 26.
Rf4 Qa3 27. Rf1 Rxg3 28. hxg3 Qb2 29. Qe8+ Kg7 30. Qe7+ Kg8 31. Qe8+ Kg7
32. Qe7+ Kg8 33. Qe8+ 1/2-1/2

[Event "ch-FRA National B"]
[Site "Nimes FRA"]
[Date "2009.08.15"]
[Round "6"]
[White "Prie,E"]
[Black "Bedouin,X"]
[Result "0-1"]
[WhiteElo "2491"]
[BlackElo "2378"]
[EventDate "2009.08.10"]

1. d4 Nf6 2. Bf4 g6 3. e3 Bg7 4. Nf3 d6 5. Be2 O-O 6. O-O Nc6 7. h3 Nd7 8.
c4 e5 9. Bh2 exd4 10. exd4 Qf6 11. Nc3 Nxd4 12. Nxd4 Qxd4 13. Nd5 c6 14.
Ne7+ Kh8 15. Bxd6 Qxb2 16. Rb1 Qxa2 17. Re1 Nf6 18. Be5 Qa3 19. Nxc8 Rfxc8
20. Rxb7 Rd8 21. Qb1 Nd7 22. Bg3 Qc5 23. Bf1 Bf6 24. Qe4 Kg7 25. Re3 a5 26.
Rf3 a4 27. Bc7 Re8 28. Qd3 Ne5 29. Bxe5 Rxe5 30. Qb1 Ra7 31. Rxa7 Qxa7 32.
c5 Qxc5 33. Qa2 Re4 34. Bd3 Re1+ 35. Kh2 Ra1 36. Qd2 a3 37. g3 a2 38. Qf4
Rh1+ 39. Kxh1 a1=Q+ 40. Kg2 Qcc1 0-1

[Event "ch-FRA National B"]
[Site "Nimes FRA"]
[Date "2009.08.15"]
[Round "6"]
[White "Kosten,A"]
[Black "Apicella,M"]
[Result "1/2-1/2"]
[WhiteElo "2497"]
[BlackElo "2525"]
[EventDate "2009.08.10"]

1. c4 Nf6 2. Nc3 g6 3. g3 Bg7 4. Bg2 O-O 5. e4 d6 6. Nge2 c5 7. O-O Nc6 8.
d3 a6 9. a4 Rb8 10. h3 Ne8 11. Be3 1/2-1/2